| 000 | 00377nam a2200133 a 4500 | ||
|---|---|---|---|
| 001 | 000044672 | ||
| 005 | 20201002045538.0 | ||
| 008 | 141216s2013 dr a 000 0 spa d | ||
| 040 |
_aDO-SdBNP _bspa _cBNPHU |
||
| 082 |
_axxxxxx _bxxxxxx |
||
| 245 | 0 | 0 | _aPor el rescate de los valores patrios. |
| 260 |
_aSanto Domingo : _bPoder Judicial, _c2013. |
||
| 300 |
_a45 p. : _bil. ; _c21 cm. |
||
| 999 |
_c44161 _d44161 |
||